| 000 | 00548nam a22001697a 4500 | ||
|---|---|---|---|
| 003 | NUST - PNEC | ||
| 005 | 20170116180758.0 | ||
| 008 | 150410b xxu||||| |||| 00| 0 eng d | ||
| 040 | _cLIBRARY | ||
| 082 | _a297.928 THA | ||
| 100 |
_92313 _aThanvi, Mohammad Ashraf Ali |
||
| 245 |
_aTareekh e Islam ki Khawateen : Urdu tarjama nisaa min tareekh _cHazrat Maulana Mohammad Ashraf Ali Thanvi |
||
| 260 |
_aKarachi: _bDarul Ashaat, _cc2001. |
||
| 300 |
_a631 p. : _c22 cm. |
||
| 650 |
_92314 _aIslam, History of great women _xGeneral |
||
| 942 |
_2ddc _cBK |
||
| 999 |
_c62852 _d62852 |
||